|
|
|
|
| LEADER |
00734pam a22002058a 4500 |
| 001 |
00000746 |
| 005 |
20171026081022.0 |
| 008 |
110323s1976 ||||||Viesd |
| 041 |
0 |
# |
|a Vie
|
| 082 |
1 |
4 |
|a 335.434 627 1
|b TH250GI
|
| 245 |
0 |
0 |
|a Thế giới ca ngợi và thương tiếc Hồ Chí MInh
|
| 250 |
# |
# |
|a In lần thứ 2
|b Có bổ sung điều chỉnh
|
| 260 |
# |
# |
|a H.
|b Sự thật
|c 1976
|
| 300 |
# |
# |
|a 688 tr.
|c 19 cm.
|
| 650 |
# |
4 |
|a Hồ Chí Minh
|
| 653 |
# |
# |
|a Hồ Chí Minh
|a Lễ tang
|a Việt nam
|a Thế giới
|
| 852 |
# |
# |
|b Kho đọc
|j KD.0000739
|
| 852 |
# |
# |
|j KD.0000739
|
| 910 |
|
|
|d 23/03/2011
|
| 980 |
# |
# |
|a Trung tâm Học liệu Lê Vũ Hùng, Trường Đại học Đồng Tháp
|